000 004440000a22001810004500
003 LK-CoMWRAF
008 230817t ||||| |||| 00| 0 eng d
040 _aLK-CoMWRAF
_dLK-CoMWRAF
_eLK-CoMWRAF
041 _aeng
082 _a150
_bBAS
100 _aBasheer, S.Mohamed
245 _aMuslim kanavanin kadamaikal
_b
250 _a3rd.ed
260 _aThanjavur
_bHajiyar book depot
_c1997
300 _ap.136
650 _aislam
942 _cBK
999 _c2790
_d2790